Vita giocatevela bene! (La) (Record n. 101252)
[ formato base ]
| 000 -LEADER | |
|---|---|
| fixed length control field | 01242njm a2200301Ia 4500 |
| 001 - CONTROL NUMBER | |
| control field | H0308 |
| 003 - CONTROL NUMBER IDENTIFIER | |
| control field | IT-RoPAU |
| 005 - DATE AND TIME OF LATEST TRANSACTION | |
| control field | 20220918181141.0 |
| 008 - FIXED-LENGTH DATA ELEMENTS--GENERAL INFORMATION | |
| fixed length control field | 131025s9999 xx 000 0 und d |
| 040 ## - CATALOGING SOURCE | |
| Original cataloging agency | IT-RoPAU |
| 040 ## - CATALOGING SOURCE | |
| Transcribing agency | IT-RoPAU |
| 041 ## - LANGUAGE CODE | |
| Language code of text/sound track or separate title | ITALIANO |
| 999 ## - SYSTEM CONTROL NUMBERS (KOHA) | |
| Koha Dewey Subclass [OBSOLETE] | n.d. |
| 100 ## - MAIN ENTRY--PERSONAL NAME | |
| Personal name | Spaccavento Felice |
| 9 (RLIN) | 33285 |
| 100 ## - MAIN ENTRY--PERSONAL NAME | |
| Relator term | Autore musica |
| 9 (RLIN) | 33286 |
| 100 ## - MAIN ENTRY--PERSONAL NAME | |
| Miscellaneous information | Codice autore musica SPICS: 56334 |
| 9 (RLIN) | 33287 |
| 245 ## - TITLE STATEMENT | |
| Title | Vita giocatevela bene! (La) |
| 250 ## - EDITION STATEMENT | |
| Edition statement | 1a ed. |
| 260 ## - PUBLICATION, DISTRIBUTION, ETC. (IMPRINT) | |
| Place of publication, distribution, etc. | MILANO |
| 260 ## - PUBLICATION, DISTRIBUTION, ETC. (IMPRINT) | |
| Name of publisher, distributor, etc. | MULTIMEDIA SAN PAOLO |
| Date of publication, distribution, etc. | 2002 [1a Ed.:2002 - Ed. Lingua Orig.: 2002] |
| 300 ## - PHYSICAL DESCRIPTION | |
| Extent | COMPACT DISC |
| 300 ## - PHYSICAL DESCRIPTION | |
| Dimensions | 75 minuti (Testo: 0 pag.) |
| 500 ## - GENERAL NOTE | |
| General note | Parlato con musiche di sottofondo. Tonino Bello ai giovani: incontro con gli studenti dell'ultimo anno delle magistrali di Terlizzi. Musiche di sottofondo di Giovanni Paisiello. Delegato alla produzione: Giulio Neroni. Foto copertina: dall'archivio di Famiglia Cristiana. Grafica: Marco Animobono. |
| 505 ## - FORMATTED CONTENTS NOTE | |
| Formatted contents note | Discorso agli studenti (69:30) - Dammi, Signore, un'ala di riserva (5:30). |
| 650 ## - SUBJECT ADDED ENTRY--TOPICAL TERM | |
| Topical term or geographic name as entry element | RELIGIOSO [COMPACT DISC] |
| Relator term | Codice MATERIA SPICS: 9949 |
| 9 (RLIN) | 14031 |
| 700 ## - ADDED ENTRY--PERSONAL NAME | |
| Personal name | Bello Tonino |
| Relator term | Autore testo |
| Miscellaneous information | Codice autore testo SPICS: 34738 |
| 9 (RLIN) | 33288 |
| 942 ## - ADDED ENTRY ELEMENTS (KOHA) | |
| Koha item type | CD AUDIO |
| Source of classification or shelving scheme | Dewey Decimal Classification |
| Withdrawn status | Lost status | Damaged status | Not for loan | Home library | Current library | Date acquired | Total Checkouts | Full call number | Date last seen | Price effective from | Koha item type | Public note |
|---|---|---|---|---|---|---|---|---|---|---|---|---|
| Buone Condizioni | Not For Loan | SPICS-MEDIATECA | SPICS-MEDIATECA | 25/10/2013 | H0308 | 25/10/2013 | 25/10/2013 | CD AUDIO | Progr. Ins.: 22966 / N.Vol.: 1 / Copie: 1 - Copia rara: n.d. / date import: 01.01.2014 - By Epidotti, Trombetti, Vaglietti |